000
00297 a2200121 4500
020
_a
8176492728
090
_c
4641
_d
4641
100
_a
V K Sharma
245
_a
HUMAN RESOURCE MANAGEMENT
_b
Evolution na dthe Challenges Ahead
260
_a
New Delhi
300
_a
142
942
_a
NBS
_c
BK
_k
658.3 SHA
999
_c
347078
_d
347078